Switzerland at the Eurovision Song Contest - Statistics

General Stats
  • This quiz has been taken 79 times
    2 since last reset
  • The average score is 22 of 67
Answer Stats
Year Song Artist % Correct
1988 Ne partez pas sans moi Céline Dion
100%
2007 Vampires are alive DJ Bobo
100%
2019 She got me Luca Hänni
100%
2024 The code Nemo
100%
2023 Watergun Remo Forrer
100%
2026 Alice Veronica Fusaro
100%
2025 Voyage Zoë Më
100%
2011 In love for a while Anna Rossinelli
50%
1990 Musik klingt in die Welt hinaus Egon Egemann
50%
1963 T'en va pas Esther Ofarim
50%
2002 Dans le jardin de mon âme Francine Jordi
50%
2021 Tout l'univers Gjon's Tears
50%
1998 Lass ihn Gunvor
50%
1956 Refrain Lys Assia
50%
1956 Das alte Karussell Lys Assia
50%
1957 L'enfant que j'étais Lys Assia
50%
1958 Giorgio Lys Assia
50%
2022 Boys do cry Marius Bear
50%
2015 Time to shine Mélanie René
50%
2010 Il pleut de l'or Michael von der Heide
50%
1969 Bonjour, bonjour Paola del Medico
50%
1980 Cinéma Paola del Medico
50%
1977 Swiss lady Pepe Lienhard Band
50%
1971 Les illusions de nos vingt ans Peter, Sue & Marc
50%
1976 Djambo, djambo Peter, Sue & Marc
50%
1981 Io senza te Peter, Sue & Marc
50%
1979 Trödler & Co Peter, Sue & Marc + Pfuri, Gorps & Kniri
50%
2016 The last of our kind Rykka
50%
1991 Canzone per te Sandra Simó
50%
2014 Hunter of stars Sebalter
50%
1975 Mikado Simone Drexel
50%
2012 Unbreakable Sinplus
50%
2006 If we all give a little Six4one
50%
2013 You and me Takasa
50%
2017 Apollo Timebelle
50%
2005 Cool vibes Vanilla Ninja
50%
2018 Stones Zibbz
50%
1960 Cielo e terra Anita Traversi
0%
1964 I miei pensieri Anita Traversi
0%
1993 Moi, tout simplement Annie Cotton
0%
1982 Amour on t'aime Arlette Zola
0%
1997 Dentro di me Barbara Berta
0%
1978 Vivre Carole Vinci
0%
1987 Moitié, moitié Carol Rich
0%
1959 Irgendwoher Christa Williams
0%
1992 Mister music man Daisy Auvray
0%
1986 Pas pour moi Daniela Simmons
0%
1994 Sto pregando Duilio
0%
1961 Nous aurons demain Franca di Rienzo
0%
1989 Viver senza tei Furbaz
0%
1967 Quel cœur vas-tu briser? Géraldine
0%
1968 Guardando il sole Gianni Mascolo
0%
1970 Retour Henri Dès
0%
2000 La vita cos'è? Jane Bogaert
0%
1962 Le retour Jean Philippe
0%
1996 Mon cœur l'aime Kathy Leander
0%
2009 The highest heights Lovebugs
0%
1966 Ne vois-tu pas? Madeleine Pascal
0%
1983 Io così non ci sto Mariella Farré
0%
1985 Piano, piano Mariella Farré & Pino Gasparini
0%
2008 Era stupendo Paolo Meneguzzi
0%
1973 Je vais me marier, Marie Patrick Juvet
0%
1974 Mein Ruf nach Dir Piera Martell
0%
2004 Celebrate Piero Esteriore & The MusicStars
0%
1984 Welche Farbe hat der Sonnenschein? Rainy Day
0%
1972 C'est la chanson de mon amour Véronique Müller
0%
1965 Non, à jamais sans toi Yovanna
0%
No matching quizzes found
Score Distribution
Percent of People with Each Score
Percentile by Number Answered
Your Score History
You have not taken this quiz since the last reset